<?xml version="1.0" encoding="UTF-8"?>
<collection xmlns="http://www.loc.gov/MARC21/slim">
 <record>
  <leader>03044nam a22003377a 4500</leader>
  <controlfield tag="001">NCT_4_014948</controlfield>
  <controlfield tag="008">241128b        xxu||||| |||| 00| 0 vie d</controlfield>
  <datafield tag="999" ind1=" " ind2=" ">
   <subfield code="c">8710</subfield>
   <subfield code="d">8710</subfield>
  </datafield>
  <datafield tag="020" ind1=" " ind2=" ">
   <subfield code="a">9786045796894</subfield>
   <subfield code="c">107000</subfield>
  </datafield>
  <datafield tag="082" ind1="0" ind2="4">
   <subfield code="2">23rd ed.</subfield>
   <subfield code="a">305.50711</subfield>
   <subfield code="b">Th523</subfield>
  </datafield>
  <datafield tag="100" ind1="1" ind2=" ">
   <subfield code="a">Nguyễn Thị Minh Thuỳ</subfield>
   <subfield code="e">Chủ biên</subfield>
  </datafield>
  <datafield tag="245" ind1="1" ind2="0">
   <subfield code="a">Giáo trình Tư tưởng Hồ Chí Minh về công nhân, nông dân, trí thức</subfield>
   <subfield code="c">Nguyễn Thị Minh Thuỳ (Chủ biên) ; Doãn Thị Chín, Lê Đình Năm...</subfield>
  </datafield>
  <datafield tag="260" ind1=" " ind2=" ">
   <subfield code="a">H.</subfield>
   <subfield code="b">Chính trị quốc gia sự thật</subfield>
   <subfield code="c">2024</subfield>
  </datafield>
  <datafield tag="300" ind1=" " ind2=" ">
   <subfield code="a">207 tr.</subfield>
   <subfield code="c">21cm</subfield>
  </datafield>
  <datafield tag="500" ind1=" " ind2=" ">
   <subfield code="a">ĐTTS ghi: Học viện Báo chí và Tuyên truyền. Khoa Tư tưởng Hồ Chí Minh</subfield>
  </datafield>
  <datafield tag="520" ind1="3" ind2=" ">
   <subfield code="a">Quyển sách trình bày khái niệm, đối tượng, phương pháp nghiên cứu và ý nghĩa học tập môn học Tư tưởng Hồ Chí Minh về công nhân, nông dân, trí thức; cơ sở hình thành, nội dung tư tưởng Hồ Chí Minh về giai cấp công nhân, nông dân, trí thức; cơ sở hình thành, nội dung tư tưởng Hồ Chí Minh về liên minh công nhân, nông dân và trí thức.</subfield>
  </datafield>
  <datafield tag="653" ind1=" " ind2=" ">
   <subfield code="a">Kinh tế chính trị</subfield>
  </datafield>
  <datafield tag="700" ind1="1" ind2=" ">
   <subfield code="a">Doãn Thị Chín</subfield>
  </datafield>
  <datafield tag="700" ind1="1" ind2=" ">
   <subfield code="a">Lê Đình Năm</subfield>
  </datafield>
  <datafield tag="942" ind1=" " ind2=" ">
   <subfield code="2">ddc</subfield>
   <subfield code="c">BK</subfield>
  </datafield>
  <datafield tag="952" ind1=" " ind2=" ">
   <subfield code="0">0</subfield>
   <subfield code="1">0</subfield>
   <subfield code="2">ddc</subfield>
   <subfield code="4">0</subfield>
   <subfield code="6">305_507110000000000_TH523</subfield>
   <subfield code="7">0</subfield>
   <subfield code="9">29909</subfield>
   <subfield code="a">000001</subfield>
   <subfield code="b">000001</subfield>
   <subfield code="d">2024-11-28</subfield>
   <subfield code="o">305.50711 Th523</subfield>
   <subfield code="p">MD.23134</subfield>
   <subfield code="r">2024-11-28</subfield>
   <subfield code="v">107000.00</subfield>
   <subfield code="w">2024-11-28</subfield>
   <subfield code="y">BK</subfield>
  </datafield>
  <datafield tag="952" ind1=" " ind2=" ">
   <subfield code="0">0</subfield>
   <subfield code="1">0</subfield>
   <subfield code="2">ddc</subfield>
   <subfield code="4">0</subfield>
   <subfield code="6">305_507110000000000_TH523</subfield>
   <subfield code="7">0</subfield>
   <subfield code="9">29910</subfield>
   <subfield code="a">000001</subfield>
   <subfield code="b">000001</subfield>
   <subfield code="d">2024-11-28</subfield>
   <subfield code="o">305.50711 Th523</subfield>
   <subfield code="p">MD.23135</subfield>
   <subfield code="r">2024-11-28</subfield>
   <subfield code="v">107000.00</subfield>
   <subfield code="w">2024-11-28</subfield>
   <subfield code="y">BK</subfield>
  </datafield>
  <datafield tag="952" ind1=" " ind2=" ">
   <subfield code="0">0</subfield>
   <subfield code="1">0</subfield>
   <subfield code="2">ddc</subfield>
   <subfield code="4">0</subfield>
   <subfield code="6">305_507110000000000_TH523</subfield>
   <subfield code="7">0</subfield>
   <subfield code="9">29911</subfield>
   <subfield code="a">000001</subfield>
   <subfield code="b">000001</subfield>
   <subfield code="d">2024-11-28</subfield>
   <subfield code="o">305.50711 Th523</subfield>
   <subfield code="p">MD.23136</subfield>
   <subfield code="r">2024-11-28</subfield>
   <subfield code="v">107000.00</subfield>
   <subfield code="w">2024-11-28</subfield>
   <subfield code="y">BK</subfield>
  </datafield>
  <datafield tag="952" ind1=" " ind2=" ">
   <subfield code="0">0</subfield>
   <subfield code="1">0</subfield>
   <subfield code="2">ddc</subfield>
   <subfield code="4">0</subfield>
   <subfield code="6">305_507110000000000_TH523</subfield>
   <subfield code="7">0</subfield>
   <subfield code="9">29912</subfield>
   <subfield code="a">000001</subfield>
   <subfield code="b">000001</subfield>
   <subfield code="d">2024-11-28</subfield>
   <subfield code="o">305.50711 Th523</subfield>
   <subfield code="p">MD.23137</subfield>
   <subfield code="r">2024-11-28</subfield>
   <subfield code="v">107000.00</subfield>
   <subfield code="w">2024-11-28</subfield>
   <subfield code="y">BK</subfield>
  </datafield>
  <datafield tag="952" ind1=" " ind2=" ">
   <subfield code="0">0</subfield>
   <subfield code="1">0</subfield>
   <subfield code="2">ddc</subfield>
   <subfield code="4">0</subfield>
   <subfield code="6">305_507110000000000_TH523</subfield>
   <subfield code="7">0</subfield>
   <subfield code="9">29913</subfield>
   <subfield code="a">000001</subfield>
   <subfield code="b">000001</subfield>
   <subfield code="d">2024-11-28</subfield>
   <subfield code="o">305.50711 Th523</subfield>
   <subfield code="p">MD.23138</subfield>
   <subfield code="r">2024-11-28</subfield>
   <subfield code="v">107000.00</subfield>
   <subfield code="w">2024-11-28</subfield>
   <subfield code="y">BK</subfield>
  </datafield>
  <datafield tag="952" ind1=" " ind2=" ">
   <subfield code="0">0</subfield>
   <subfield code="1">0</subfield>
   <subfield code="2">ddc</subfield>
   <subfield code="4">0</subfield>
   <subfield code="6">305_507110000000000_TH523</subfield>
   <subfield code="7">0</subfield>
   <subfield code="9">29914</subfield>
   <subfield code="a">000001</subfield>
   <subfield code="b">000001</subfield>
   <subfield code="d">2024-11-28</subfield>
   <subfield code="o">305.50711 Th523</subfield>
   <subfield code="p">MD.23139</subfield>
   <subfield code="r">2024-11-28</subfield>
   <subfield code="v">107000.00</subfield>
   <subfield code="w">2024-11-28</subfield>
   <subfield code="y">BK</subfield>
  </datafield>
  <datafield tag="952" ind1=" " ind2=" ">
   <subfield code="0">0</subfield>
   <subfield code="1">0</subfield>
   <subfield code="2">ddc</subfield>
   <subfield code="4">0</subfield>
   <subfield code="6">305_507110000000000_TH523</subfield>
   <subfield code="7">0</subfield>
   <subfield code="9">29915</subfield>
   <subfield code="a">000001</subfield>
   <subfield code="b">000001</subfield>
   <subfield code="d">2024-11-28</subfield>
   <subfield code="o">305.50711 Th523</subfield>
   <subfield code="p">MD.23140</subfield>
   <subfield code="r">2024-11-28</subfield>
   <subfield code="v">107000.00</subfield>
   <subfield code="w">2024-11-28</subfield>
   <subfield code="y">BK</subfield>
  </datafield>
  <datafield tag="952" ind1=" " ind2=" ">
   <subfield code="0">0</subfield>
   <subfield code="1">0</subfield>
   <subfield code="2">ddc</subfield>
   <subfield code="4">0</subfield>
   <subfield code="6">305_507110000000000_TH523</subfield>
   <subfield code="7">0</subfield>
   <subfield code="9">29916</subfield>
   <subfield code="a">000001</subfield>
   <subfield code="b">000001</subfield>
   <subfield code="d">2024-11-28</subfield>
   <subfield code="o">305.50711 Th523</subfield>
   <subfield code="p">MD.23141</subfield>
   <subfield code="r">2024-11-28</subfield>
   <subfield code="v">107000.00</subfield>
   <subfield code="w">2024-11-28</subfield>
   <subfield code="y">BK</subfield>
  </datafield>
  <datafield tag="952" ind1=" " ind2=" ">
   <subfield code="0">0</subfield>
   <subfield code="1">0</subfield>
   <subfield code="2">ddc</subfield>
   <subfield code="4">0</subfield>
   <subfield code="6">305_507110000000000_TH523</subfield>
   <subfield code="7">0</subfield>
   <subfield code="9">29917</subfield>
   <subfield code="a">000001</subfield>
   <subfield code="b">000001</subfield>
   <subfield code="d">2024-11-28</subfield>
   <subfield code="o">305.50711 Th523</subfield>
   <subfield code="p">MD.23142</subfield>
   <subfield code="r">2024-11-28</subfield>
   <subfield code="v">107000.00</subfield>
   <subfield code="w">2024-11-28</subfield>
   <subfield code="y">BK</subfield>
  </datafield>
  <datafield tag="952" ind1=" " ind2=" ">
   <subfield code="0">0</subfield>
   <subfield code="1">0</subfield>
   <subfield code="2">ddc</subfield>
   <subfield code="4">0</subfield>
   <subfield code="6">305_507110000000000_TH523</subfield>
   <subfield code="7">0</subfield>
   <subfield code="9">29918</subfield>
   <subfield code="a">000001</subfield>
   <subfield code="b">000001</subfield>
   <subfield code="d">2024-11-28</subfield>
   <subfield code="o">305.50711 Th523</subfield>
   <subfield code="p">MD.23143</subfield>
   <subfield code="r">2024-11-28</subfield>
   <subfield code="v">107000.00</subfield>
   <subfield code="w">2024-11-28</subfield>
   <subfield code="y">BK</subfield>
  </datafield>
  <datafield tag="980" ind1=" " ind2=" ">
   <subfield code="a">Thư viện Trường Đại học Nam Cần Thơ</subfield>
  </datafield>
 </record>
</collection>
